Povídky /
Jan Čep (1902–1974), jehož Šalda nazval „básníkem jitřního zraku“, patří k výrazným českým prozaikům dvacátého století. Jeho odchod do exilu po únoru 1948 a spirituální orientace jeho tvorby způsobily, že v době komunistického režimu bylo Čepovo dílo umlčováno. Několikasvazkové vydání autorových pró...
Uloženo v:
| Série: | Česká knižnice,
část 0 |
|---|---|
| Hlavní autor: | |
| Médium: | E-kniha |
| Jazyk: | Czech |
| Vydáno: |
Praha :
HOST - vydavatelství, s.r.o.,
2016
|
| Příbuzné jednotky: | Z cyklu::
Česká knižnice |
| Tagy: |
Žádné tagy |
| LEADER | 02003nam a22002417i 4500 | ||
|---|---|---|---|
| 001 | 311246 | ||
| 007 | ta | ||
| 008 | 260601s2016 xr ||||| |||| 00| 0 cze d | ||
| 020 | |a 9990002096495 | ||
| 044 | |a xr | ||
| 100 | 1 | |a Čep, Jan |4 aut | |
| 245 | 1 | 0 | |a Povídky / |c Čep, Jan |
| 264 | 1 | |a Praha : |b HOST - vydavatelství, s.r.o., |c 2016 | |
| 300 | |a 1 online zdroj (340 stran) | ||
| 336 | |a text |b txt |2 rdacontent | ||
| 337 | |a bez média |b n |2 rdamedia | ||
| 338 | |a online zdroj |b cr |2 rdacarrier | ||
| 520 | 2 | |a Jan Čep (1902–1974), jehož Šalda nazval „básníkem jitřního zraku“, patří k výrazným českým prozaikům dvacátého století. Jeho odchod do exilu po únoru 1948 a spirituální orientace jeho tvorby způsobily, že v době komunistického režimu bylo Čepovo dílo umlčováno. Několikasvazkové vydání autorových próz a esejů, připravené Bedřichem Fučíkem a Mojmírem Trávníčkem, tak mohlo být zveřejněno jen v samizdatu a knižní podoby se dočkalo až po roce 1989. Česká knižnice přináší Čepovy kratší prózy ze všech období jeho tvorby, od knižního debutu Dvojí domov v polovině dvacátých let až po exilové Cikány. Povídky se často zaměřují k mezním situacím v životě zdánlivě běžných venkovských lidí. Jsou však vzdálené popisnému realismu, využívají zkratky, jemných náznaků a míří k duchovnímu rozměru bytí. Výběr a komentář Tomáš Kubíček, příprava textu Marie Havránková. | |
| 787 | 0 | 8 | |g 0 |i Z cyklu: |t Česká knižnice |
| 910 | |a RBIT002 | ||
| 998 | |d 209649 |a https://core.palmknihy.cz/api/books/209649/cover?qhvhji |b https://core.palmknihy.cz/api/books/209649/cover/400?qhvhji |c https://core.palmknihy.cz/api/books/209649/cover/50?qhvhji |e 2032-10-21 |g 340 |i 9990002096495 |j https://core.palmknihy.cz/api/books/209649/preview.epub |k https://core.palmknihy.cz/api/books/209649/preview.pdf |l |q 49 |r 1 |s https://www.palmknihy.cz/kniha/209649 |t ebook |y 2016 |z 1 |v Česká knižnice |w 0 | ||
| 999 | |d 311244 | ||